[Event "New York State-ch 138th"]
[Site "Colonie"]
[Date "2016.09.05"]
[Round "6"]
[White "Campbell, David A"]
[Black "Felber, Joseph J"]
[Result "1/2-1/2"]
[WhiteElo "1973"]
[BlackElo "2022"]
[PlyCount "70"]
[EventDate "2016.09.02"]
[EventType "swiss"]
[EventRounds "6"]
[EventCountry "USA"]
[SourceTitle "CBM 174 Extra"]
[Source "ChessBase"]
[SourceDate "2016.10.10"]
[SourceVersion "1"]
[SourceVersionDate "2016.10.10"]
[SourceQuality "1"]

1. d4 Nf6 2. c4 g6 3. Nf3 Bg7 4. Nc3 d5 5. Qb3 c6 6. cxd5 cxd5 7. Bg5 e6 8. e3 0-0 9. Bd3 Nc6 10. 0-0 Bd7 11. Rac1 Na5 12. Qc2 Rc8 13. Qe2 Qb6 14. Ne5 Bc6 15. Nxc6 Rxc6 16. Bb5 Rcc8 17. Na4 Qd6 18. Bf4 Qe7 19. h3 Ne4 20. Qe1 Rxc1 21. Qxc1 Qb4 22. Bd7 Nc4 23. a3 Qe7 24. Bb5 Ned6 25. Bxc4 Nxc4 26. Nc5 b6 27. Nd3 h6 28. Qc2 Qd7 29. Rc1 Rc8 30. Qd1 Na5 31. Ne5 Qb7 32. Rc2 Nc4 33. Nxc4 Rxc4 34. Rxc4 dxc4 35. Qa4 b5 1/2-1/2